The life of St. Paul. (Record no. 5189)

000 -LEADER
fixed length control field 00699nam a2200217 a 4500
001 - CONTROL NUMBER
control field :::00002930$&:&@@
003 - CONTROL NUMBER IDENTIFIER
control field OkBaRHE
005 - DATE AND TIME OF LATEST TRANSACTION
control field 20100401122254.0
008 - FIXED-LENGTH DATA ELEMENTS--GENERAL INFORMATION
fixed length control field s1983 j 000 0 eng u
020 ## - INTERNATIONAL STANDARD BOOK NUMBER
International Standard Book Number 0310441811
040 ## - CATALOGING SOURCE
Transcribing agency
100 1# - MAIN ENTRY--PERSONAL NAME
Personal name Stalker, James, 1848-1927.
245 14 - TITLE STATEMENT
Title The life of St. Paul.
260 ## - PUBLICATION, DISTRIBUTION, ETC. (IMPRINT)
Place of publication, distribution, etc Grand Rapids, MI., :
Name of publisher, distributor, etc Zondervan Publishing House
Date of publication, distribution, etc 1983
300 ## - PHYSICAL DESCRIPTION
Extent 158 p. ;
Dimensions 21 cm.
650 ## - SUBJECT ADDED ENTRY--TOPICAL TERM
Topical term or geographic name as entry element Bible New Testament
General subdivision Biography
650 ## - SUBJECT ADDED ENTRY--TOPICAL TERM
Topical term or geographic name as entry element Christian Saints
General subdivision Turkey
-- Tarsus
-- Biography
650 ## - SUBJECT ADDED ENTRY--TOPICAL TERM
Topical term or geographic name as entry element Paul, the Apostle, Saint
942 ## - ADDED ENTRY ELEMENTS (KOHA)
Source of classification or shelving scheme
Koha item type Books
Copies
Shelving location Permanent Location Full call number Barcode Total Checkouts Copy number Total Renewals Damaged status Withdrawn status Date checked out Price effective from Lost status Date acquired Koha item type Date last seen Source of classification or shelving scheme Current Location Not for loan
General StacksRHEMA Bible Training CollegeBS 2505 .S7 19832930111  2016-01-192010-04-14 2010-04-14Books2018-03-16 RHEMA Bible Training College